[Event "22nd Hogeschool Zeeland 2018"]
[Site "Vlissingen"]
[Date "2018.08.06"]
[Round "4"]
[White "Ree, Hans"]
[Black "Vrolijk, Liam"]
[Result "1/2-1/2"]
[WhiteElo "2303"]
[BlackElo "2430"]
[Annotator "TA"]
[PlyCount "112"]
[EventDate "2018.08.04"]
[EventType "swiss"]
[EventCountry "NED"]
[SourceTitle "playchess.com"]
[Source "ChessBase"]
[SourceQuality "1"]

{[%evp 12,112,4,9,138,139,145,149,147,135,136,137,139,142,165,168,156,160,158,170,166,146,146,137,176,172,168,137,139,125,125,125,125,125,125,125,125,125,125,120,123,126,125,125,109,95,105,108,133,129,131,123,170,165,164,168,193,158,229,205,370,253,467,344,487,487,487,487,465,423,638,480,1054,1074,1033,935,1262,1239,5072,5065,6070,4133,2275,3982,3043,1071,3793,2254,4133,0,1429,1196,993,8,8,8,8,0,0,0,0,0,66]} 1. c4 e5 2. Nc3 Nf6 3. Nf3 Nc6 4. a3 g6 5. b4 (5. g3 Bg7 6. Bg2 O-O 7. O-O a5 8. Rb1 d6 9. b4 axb4 10. axb4 Ne7 11. d3 h6 12. b5 Nh7 13. Nd2 f5 14. Bb2 Nf6 15. Qb3 Kh8 16. Ra1 Rb8 17. Ba3 Be6 18. Nd5 {0-1 (39) Hou,Y (2652)-Caruana,F (2802) chess.com INT 2017}) 5... d6 6. Bb2 {A28: English Opening: Four Knights Variation} Bg7 7. e3 {LiveBook: 11 Games} e4 $146 {[#]} (7... O-O $11 {keeps the balance.}) ({Predecessor:} 7... O-O 8. d3 e4 9. Nd2 Bg4 10. Be2 Ne5 11. Ndxe4 Nxe4 12. Nxe4 Nxd3+ 13. Qxd3 Bxb2 {0-1 (81) Garcia Padron,J (2414)-Huerga Leache,M (2440) Isla de la Palma 2018}) 8. Nxe4 $1 $16 {[%mdl 512] White is clearly better.} O-O (8... Nxe4 9. Bxg7) 9. Nxf6+ Bxf6 10. Bxf6 Qxf6 11. Be2 Bd7 12. O-O Rae8 13. d4 {[%cal Bd2d4,Bd4d5][%mdl 32]} Qg7 14. c5 f5 15. cxd6 cxd6 16. b5 Na5 17. Rc1 Be6 18. d5 Bf7 19. Rc7 Qb2 20. Ng5 {Black must now prevent Qa4.} Rc8 21. Qc1 ({Don't take} 21. Rxf7 Rxf7 22. Nxf7 Kxf7) 21... Qxc1 22. Rfxc1 Rxc7 23. Rxc7 Bxd5 24. Nxh7 ({Resist} 24. Rxh7 Rc8 $14) 24... Rf7 25. Rxf7 Kxf7 {[%mdl 4096] Endgame KBN-KBN} 26. Ng5+ Kf6 27. Nf3 g5 28. Kf1 Nc4 29. a4 {[%cal Ba3a4,Ba4a5][%mdl 32]} Nb2 30. a5 $1 Na4 31. Nd4 Nc3 32. Bd3 Be4 33. Bxe4 Nxe4 $18 {KN-KN} 34. Ke2 d5 (34... Ke5 $16 {is a better defense.} 35. f3 Nc5) 35. f3 Nd6 $2 (35... Nc5 {keeps fighting.} 36. f4 g4) 36. Kd3 Ke5 $2 (36... a6 37. bxa6 bxa6) 37. g3 g4 (37... Kf6 {was necessary.} 38. a6 b6) 38. fxg4 fxg4 {[#]} 39. a6 $1 bxa6 40. bxa6 Kf6 (40... Ne4 $142 41. Nc6+ Kd6 42. Nxa7 Nc5+ 43. Kd4 Ne6+ 44. Kc3 Nc7 45. Nc8+ Kd7) 41. Nc6 Nb5 {[#]} (41... Ne8 $142 42. Nxa7 Nc7) 42. e4 $1 {[%cal Re4d5]} Nc7 43. Nb4 dxe4+ 44. Kxe4 Ne6 45. Kd5 Kf5 46. Kd6 Nd4 47. Kc7 (47. Nd5 $142 Nb5+ 48. Kc6 Nd4+ 49. Kb7) 47... Ke5 48. Kb7 Nb5 49. Nc2 Ke4 50. Nb4 (50. Kc6 $142 Nc3 51. Na3) 50... Ke5 $1 51. Kc6 Nd4+ 52. Kc5 $2 (52. Kc7 $18 {Kb8 is the strong threat.} Nb5+ 53. Kb7) 52... Ne6+ $11 {The position is equal.} 53. Kc4 {aiming for Nc6+.} Ke4 $1 54. Nc6 {Threatens to win with Kb5.} Nc7 55. Nxa7 Nxa6 56. Nb5 Ke5 {Precision: White = 61%, Black = 33%.} (56... Kf3 $11) 1/2-1/2

[Event "22nd Hogeschool Zeeland 2018"]
[Site "Vlissingen"]
[Date "2018.08.06"]
[Round "4"]
[White "Peek, Marcel"]
[Black "Hausrath, Daniel"]
[Result "1/2-1/2"]
[WhiteElo "2290"]
[BlackElo "2502"]
[Annotator "TA"]
[PlyCount "82"]
[EventDate "2018.08.04"]
[EventType "swiss"]
[EventCountry "NED"]
[SourceTitle "playchess.com"]
[Source "ChessBase"]
[SourceQuality "1"]

{[%evp 16,82,28,18,14,9,9,-19,-11,-25,-21,-23,0,0,0,0,15,15,23,18,20,0,0,-35,0,0,8,3,6,0,-12,-14,-11,-93,-93,-79,-90,-80,0,0,12,19,183,0,0,0,0,0,0,0,13,0,0,0,0,0,0,0,0,0,0,0,0,0,0,0,0,0,0]} 1. d4 {[%cal Bd2d4,Bd4d5][%mdl 32]} g6 2. Nf3 Bg7 3. c4 c5 4. d5 f5 5. g3 d6 6. Bg2 Nf6 7. Nc3 O-O 8. O-O Na6 9. Qc2 {LiveBook: 6 Games. A87: Dutch Defence: Leningrad System: 5 Nf3} (9. Rb1 Nc7 10. a3 a6 11. b4 Nd7 12. Bd2 b5 13. Ng5 cxb4 14. Rxb4 Nc5 15. Ne6 N5xe6 16. dxe6 Rb8 17. cxb5 axb5 {½-½ (46) Lei,T (2444)-Solodovnichenko,Y (2588) Vandoeuvre 2015}) 9... Rb8 10. Rd1 Bd7 11. a4 Nb4 12. Qb3 $146 (12. Qd2 {with more complications.} h6 13. Ne1 g5 14. b3 Qe8 15. Bb2) ({Predecessor:} 12. Qb1) 12... h6 13. Na2 Nxa2 (13... a5 {feels hotter.} 14. Nc3 Qe8 15. Nb5 Qf7 16. h4 b6) 14. Rxa2 b6 15. Qd3 a6 16. b3 b5 17. axb5 axb5 18. Nh4 Qe8 19. e4 Ng4 20. exf5 g5 21. Qe2 Ne5 22. f4 gxh4 23. fxe5 Bxf5 {Threatens to win with ...Qg6.} 24. Bf4 (24. g4 $11 Bb1 25. Ra7) 24... bxc4 $1 $17 25. bxc4 {[#]} Qg6 $1 {Hoping for ...Bg4.} 26. Bf3 {next Bh5 is good for White.} dxe5 (26... hxg3 $17 {And now ...Bb1 would win.} 27. hxg3 Bxe5 28. Bxe5 dxe5 29. Qxe5 Rb3) 27. Bxe5 $11 Bxe5 28. Qxe5 Rb3 $2 {[#]} (28... Bh3 $11 29. Be4 Qd6) 29. Rf2 $2 (29. d6 $1 $18 {[%cal Rd6e7]} Rxf3 30. dxe7) 29... Qd6 {The position is equal.} 30. Qxd6 exd6 31. gxh4 Rc3 32. Be2 Kh8 33. Bf1 Rg8+ 34. Rg2 $1 Rxg2+ 35. Kxg2 {[%mdl 4096] Endgame KRB-KRB} Kg7 36. Kf2 Bg4 37. Re1 Rf3+ 38. Kg2 Rc3 39. Kf2 Kf6 40. Re3 Rxe3 41. Kxe3 Ke5 {Precision: White = 45%, Black = 58%.} 1/2-1/2

[Event "22nd Hogeschool Zeeland 2018"]
[Site "Vlissingen"]
[Date "2018.08.06"]
[Round "4"]
[White "Afek, Yochanan"]
[Black "Shyaamnikhil P"]
[Result "0-1"]
[WhiteElo "2248"]
[BlackElo "2389"]
[Annotator "TA"]
[PlyCount "64"]
[EventDate "2018.08.04"]
[EventType "swiss"]
[EventCountry "NED"]
[SourceTitle "playchess.com"]
[Source "ChessBase"]
[SourceQuality "1"]

{[%evp 23,64,-22,0,-115,-114,-143,-145,-217,-129,-337,-276,-283,-237,-231,-196,-154,-122,-197,-187,-187,-193,-174,-185,-184,-171,-209,-196,-226,-205,-344,-342,-343,-312,-493,-495,-658,-659,-1279,-1239,-29982,-29975,-29987,-918]} 1. e4 c5 2. c3 Nf6 3. e5 Nd5 4. Nf3 e6 5. d4 cxd4 6. cxd4 d6 7. Nc3 Nxc3 8. bxc3 Qc7 9. Bd2 Nd7 10. exd6 Bxd6 11. Bd3 b6 {B22: Sizilianisch (Alapin 2.c3)} 12. Ng5 Bb7 {LiveBook: 10 Partien} 13. Qh5 (13. Ne4 $11 {hält das Gleichgewicht.}) 13... Nf6 $17 {Schwarz steht besser.} 14. Bb5+ Kf8 15. Qh4 $146 (15. Qh3 $17 {kämpft weiter.}) ({Vorgänger:} 15. Qh3 Bf4 16. Rd1 Rc8 17. c4 h6 18. Qa3+ Bd6 19. Qh3 {0-1 (32) Vidonyak,R (2417)-Korneev,O (2611) Gausdal 2005}) 15... h6 (15... Bxg2 $19 16. Rg1 Bb7) 16. f4 $2 {[#]} (16. f3 $17 {war erzwungen.}) 16... Bxg2 17. Rg1 Bb7 18. Bd3 {beabsichtigt Lg6!} Be7 19. Qh3 Qc6 {Droht stark ...Kg8.} 20. Kf2 (20. Ke2 $17) 20... Kg8 $19 21. Nf3 {[#]} Ne4+ $1 22. Bxe4 Qxe4 23. Ne5 Qc2 24. Rad1 Rh7 ({Viel schwächer ist} 24... Qxa2 25. Qh5 $17) 25. Qh5 Rf8 {[%cal Ba8f8,Bf8c8,Bc8c3][%mdl 32]} 26. Nd7 (26. a4 $142) 26... Rc8 ({Weniger gut wäre} 26... Qxa2 27. Nxf8 Bxf8 28. Qb5 $17) 27. Ne5 g6 28. Nxg6 (28. Qh3 $142 Be4 29. Qe3) 28... fxg6 29. Rxg6+ Kf8 30. Rxe6 Rxc3 31. f5 Bf3 32. Qg6 Rg7 {Precision: Weiß = 18%, Schwarz = 46%.} (32... Bxd1 $142 33. Rf6+ Bxf6 34. Qxf6+ Ke8 35. Kg1 Qxd2 36. Qg6+ Rf7 37. Qg8+ Ke7 38. f6+ Kxf6 39. Qg2 Rg7 40. Qxg7+ Kxg7 41. Kf1 Bf3 42. h4 Rc1#) 0-1

[Event "22nd Hogeschool Zeeland 2018"]
[Site "Vlissingen"]
[Date "2018.08.06"]
[Round "4"]
[White "De Waele, Warre"]
[Black "Gonzales, Jayson"]
[Result "0-1"]
[WhiteElo "2237"]
[BlackElo "2383"]
[Annotator "NA"]
[PlyCount "45"]
[EventDate "2018.08.04"]
[EventType "swiss"]
[EventCountry "NED"]
[SourceTitle "playchess.com"]
[Source "ChessBase"]
[SourceQuality "1"]
[TimeControl "40/5400+30:1800+30"]

1. d4 {[%emt 0:00:00]} d5 {[%emt 0:00:00]} 2. c4 {[%emt 0:00:00]} e6 {[%emt 0:00:00]} 3. Nf3 {[%emt 0:00:35]} c6 {[%emt 0:00:25]} 4. e3 {[%emt 0:00:49]} Nd7 {[%emt 0:03:44]} 5. Bd3 {[%emt 0:03:34]} dxc4 {[%emt 0:02:28]} 6. Bxc4 {[%emt 0:01:37]} b5 {[%emt 0:00:02]} 7. Bd3 {[%emt 0:02:53]} Bb7 {[%emt 0:00:41]} 8. O-O {[%emt 0:05:06]} Ngf6 {[%emt 0:00:34]} 9. e4 {[%emt 0:07:27]} a6 {[%emt 0:02:56]} 10. a4 {[%emt 0:01:37]} Be7 {[%emt 0:12:00]} 11. Qe2 {[%emt 0:12:17]} bxa4 {[%emt 0:28:56]} 12. Rxa4 {[%emt 0:30:10]} c5 {[%emt 0:00:40]} 13. Bxa6 {[%emt 0:03:29]} Bxe4 {[%emt 0:02:47]} 14. Nbd2 {[%emt 0:02:11]} Bc6 {[%emt 0:01:54]} 15. Ra2 {[%emt 0:00:16]} O-O {[%emt 0:00:51]} 16. Bc4 {[%emt 0:00:22]} Rxa2 {[%emt 0:00:17]} 17. Bxa2 {[%emt 0:00:07]} Qa8 {[%emt 0:00:24]} 18. Bc4 {[%emt 0:05:32]} cxd4 {[%emt 0:01:28]} 19. Bb5 {[%emt 0:01:14]} Bd5 {[%emt 0:02:09]} 20. g3 {[%emt 0:02:15]} Bc5 {[%emt 0:01:50]} 21. b4 {[%emt 0:03:02]} Bxb4 {[%emt 0:10:21]} 22. Nxd4 {[%emt 0:00:10]} Bc5 {[%emt 0:02:15]} 23. N4b3 {[%emt 0:03:28]} 0-1

[Event "22nd Hogeschool Zeeland 2018"]
[Site "Vlissingen"]
[Date "2018.08.06"]
[Round "4"]
[White "Sparenberg, Erik"]
[Black "Van der Lende, Ilias"]
[Result "1/2-1/2"]
[WhiteElo "2173"]
[BlackElo "2347"]
[Annotator "TA"]
[PlyCount "84"]
[EventDate "2018.08.04"]
[EventType "swiss"]
[EventCountry "NED"]
[SourceTitle "playchess.com"]
[Source "ChessBase"]
[SourceQuality "1"]

{[%evp 23,84,17,20,-3,-1,0,16,12,36,22,98,51,114,67,129,34,33,28,18,14,44,35,34,0,0,0,0,-33,-39,-33,-33,-37,-36,-56,-63,-86,-79,-87,-86,-87,-87,-91,-89,-103,0,-6,29,66,66,0,0,0,0,0,0,0,0,0,0,0,0,0,0]} 1. Nf3 d5 2. d4 e6 3. c4 Nf6 4. Nc3 Be7 5. Bg5 Nbd7 6. e3 O-O 7. cxd5 Nxd5 8. Bxe7 Qxe7 9. Nxd5 exd5 10. Bd3 Nf6 11. Qc2 Ne4 12. O-O c6 {LiveBook: 10 Games} 13. Rac1 {D61: Queen's Gambit Declined: Classical: 7 Qc2} Bf5 14. Nd2 (14. Rfe1 Rae8 15. Nd2 Qg5 16. Nxe4 Bxe4 17. Bxe4 Rxe4 {0-1 (27) Ovetchkin,R (2558)-Tregubov,P (2658) Novokuznetsk 2008}) 14... Rae8 $146 ({Predecessor:} 14... Nxd2 15. Qxd2 Bxd3 16. Qxd3 {0-1 (47) Bebiak,J (1743)-Duben,I (2135) Slovakia 1999}) 15. Bxe4 dxe4 16. f4 Qh4 (16... g6 $11 {remains equal.}) 17. Rf2 Qh5 (17... Qe7 $14) 18. Nf1 Bd7 {[#]} (18... Be6 $14) 19. Qc5 (19. f5 $1 $16 {[%mdl 512]}) 19... Qxc5 $14 20. Rxc5 Be6 21. a3 Bd5 22. g4 {[%cal Bg2g4,Bg4g5][%mdl 32]} f5 23. g5 h6 24. gxh6 g6 25. Ng3 Kf7 26. Ne2 Rh8 27. Rg2 Rxh6 28. Rc2 Reh8 29. Nc3 {[#]} Bb3 $1 {[%cal Rb3c2]} 30. Rcf2 a5 31. Rg3 b5 32. Nb1 b4 33. Nd2 bxa3 (33... Bd5 $17 34. Nb1 Ke7) 34. Nxb3 $11 a4 35. Na1 $1 ({Don't blunder} 35. Nc1 $2 {[#]} Rxh2 $3 {[%mdl 512]} 36. Rxh2 Rxh2 $19) 35... Rb8 36. bxa3 (36. Rgg2 $1 $14) 36... Rb1+ {The position is equal.} 37. Rf1 Rxf1+ 38. Kxf1 {Nc2 is the strong threat.} Rxh2 {Strongly threatening ...Ra2.} 39. Rg2 $1 {[%cal Rg2h2]} Rh1+ 40. Rg1 Rh2 $1 {[%cal Rh2a2] Threatens to win with ...Ra2.} 41. Rg2 $1 {[%cal Rg2h2]} Rh1+ 42. Rg1 Rh2 $1 {Precision: White = 46%, Black = 54%.} 1/2-1/2

[Event "22nd Hogeschool Zeeland 2018"]
[Site "Vlissingen"]
[Date "2018.08.06"]
[Round "4"]
[White "Schouten, Jordy"]
[Black "Lefebvre, Herve"]
[Result "0-1"]
[WhiteElo "2073"]
[BlackElo "2304"]
[Annotator "TA"]
[PlyCount "66"]
[EventDate "2018.08.04"]
[EventType "swiss"]
[EventCountry "NED"]
[SourceTitle "playchess.com"]
[Source "ChessBase"]
[SourceQuality "1"]

{[%evp 27,66,18,22,0,7,-16,-23,-63,-52,-229,-108,-95,-17,-17,-16,-74,31,-120,-71,-111,0,-243,-234,-254,-172,-392,-410,-521,-514,-583,-561,-575,-571,-451,-412,-950,-389,-516,-506,-889,-886]} 1. e4 c5 2. c3 Nf6 3. e5 Nd5 4. d4 cxd4 5. Nf3 Nc6 6. cxd4 d6 7. Bc4 Nb6 8. Bb5 Bd7 9. exd6 e6 10. Nc3 Bxd6 11. O-O O-O 12. Bd3 Be7 13. a3 Nd5 14. Re1 Rc8 {LiveBook: 8 Partien} 15. Bd2 {D42: Damengambit (Verbesserte Tarrasch-Verteidigung)} (15. Nxd5 exd5 16. h3 Bf6 17. b4 Re8 18. Rxe8+ Qxe8 19. Bg5 Bxg5 20. Nxg5 h6 21. Nf3 Qd8 22. Rc1 Ne7 23. Rxc8 Qxc8 24. Qe1 Be6 25. b5 {½-½ (24) Kazhgaleyev,M (2607)-Dreev,A (2697) Moscow 2006 CBM 112 [Lukacs,P]}) 15... Bf6 16. Re4 $146 ({Vorgänger:} 16. Be3 Nxc3 17. bxc3 Ne7 18. Qb3 Bc6 19. Be2 Ng6 20. a4 Qc7 21. Nd2 Nf4 22. Bf1 Rfd8 {½-½ (33) Pasqua,D-Santoro,G Italy 1973}) 16... Nce7 17. Ng5 {Schwarz muss nun Sxh7! beachten.Schwarz hat minimalen Vorteil.} h6 18. Qh5 $2 (18. Nf3 $15) 18... Nf5 ({Bloß nicht} 18... Bxg5 19. Bxg5 hxg5 20. Rxe6 $19) (18... Nxc3 $19 {bietet bessere Gewinnchancen.} 19. Nxf7 Ne2+ 20. Rxe2 Rxf7 21. Bh7+ Kf8) 19. Nf3 $17 {Droht Sxd5.} Nxc3 ({Günstiger ist} 19... Bc6 $17 20. Rg4 Nde7) 20. bxc3 $11 Bc6 21. Rf4 (21. Ree1 $11 {bleibt in der Remisbreite.}) 21... Qd5 (21... g6 $17 22. Qh3 h5) 22. Re1 $2 (22. Bxf5 $14 {behält die Oberhand.} exf5 23. Rxf5) 22... g6 $36 {[%mdl 2048] Schwarz bestimmt, wo es lang geht.} 23. Qh3 {[#] Schwarz sollte c4 verhindern.} Bg7 (23... Qa2 $1 $17 {Und weiter mit ...Lxf3 wäre nett.} 24. Rd1 h5) 24. Rxf5 $2 (24. c4 $11 Qd6 25. d5) 24... exf5 $19 25. Bxh6 Rfe8 {Droht stark ...Txe1+.} 26. Rb1 $2 (26. Rf1 {ist eine bessere Verteidigung.}) 26... Qa2 27. Rd1 ({Ein No Go ist} 27. Bxg7 Kxg7 28. Ne5 Ba4 $19) 27... Bxf3 28. Bxg7 Kxg7 29. Qxf3 Rxc3 30. h4 Rd8 31. Qf4 {[#]} (31. Qe3 $142) 31... Qd5 (31... Rxd3 $142 $1 {[%mdl 512]} 32. Rxd3 Qb1+ 33. Kh2 Qxd3 34. Qe5+ Kg8) 32. Be2 Qe4 33. Qd2 (33. Qxe4 $142 fxe4 34. a4) 33... Rc2 {Precision: Weiß =  8%, Schwarz = 40%.} 0-1

[Event "22nd Hogeschool Zeeland 2018"]
[Site "Vlissingen"]
[Date "2018.08.06"]
[Round "4"]
[White "Wagenvoorde, Guido"]
[Black "Chanda, Sandipan"]
[Result "1/2-1/2"]
[WhiteElo "2035"]
[BlackElo "2554"]
[Annotator "TA"]
[PlyCount "93"]
[EventDate "2018.08.04"]
[EventType "swiss"]
[EventCountry "NED"]
[SourceTitle "playchess.com"]
[Source "ChessBase"]
[SourceQuality "1"]

{[%evp 12,93,37,29,37,30,52,43,51,40,47,37,54,22,46,35,47,42,46,45,47,37,51,47,99,88,94,74,115,110,141,125,153,145,150,155,170,173,258,220,245,241,281,259,256,250,219,211,343,245,238,254,319,314,330,320,550,540,1011,791,787,780,764,751,648,593,552,133,131,107,122,129,110,159,242,70,70,75,82,91,84,65,97,87]} 1. d4 f5 2. g3 Nf6 3. Bg2 g6 4. Nf3 Bg7 5. O-O O-O 6. c4 e6 {A87: Dutch Defence: Leningrad System: 5 Nf3} (6... d6 7. Nc3 Nc6 8. d5 Ne5 9. Nxe5 dxe5 10. e4 f4 11. gxf4 exf4 12. Bxf4 Nxe4 13. Bg3 Nxg3 14. hxg3 e6 15. Rc1 exd5 16. cxd5 Kh8 17. Nb5 c6 18. dxc6 bxc6 19. Qxd8 Rxd8 20. Rfd1 {1-0 (79) Yu,Y (2759)-Xu,X (2581) Hangzhou 2018}) 7. b4 {LiveBook: 5 Games} d5 8. Nbd2 Ne4 {White has an edge.} 9. Bb2 $146 ({Predecessor:} 9. Qb3 Nc6 10. e3 a5 11. b5 a4 12. Qc2 {½-½ (53) Hjaltason,G (2179)-Jahn,P (1969) ICCF email 2014}) 9... g5 10. a4 Nd7 {[%cal Bb8d7,Bd7b6,Bb6c4][%mdl 32]} 11. Rc1 g4 12. Ne1 Nxd2 13. Qxd2 Nb6 14. cxd5 exd5 15. Qc2 c6 16. Nd3 Nc4 17. b5 Qb6 ({Black should play} 17... h5 $14) 18. bxc6 bxc6 19. e3 Ba6 20. Rfd1 Bh6 21. Rb1 Qc7 22. Nc5 Bc8 23. Bf1 Nd6 24. Ba3 Re8 (24... Rf6 $142 25. Nd3 Nc4) 25. Rdc1 Qf7 26. Nd3 $1 Nc4 27. Ne5 $1 {[%cal Re5f7]} Nxe5 28. dxe5 Bd7 29. Rb7 Rxe5 (29... Bg7 $142 30. a5 Qe6) 30. Rcb1 Ree8 31. Rc7 Rec8 32. Rxc8+ Rxc8 33. Rb7 Qe8 $2 (33... f4 {was worth a try.} 34. gxf4 (34. exf4 Bf5 $16) 34... Bf5 35. Rxf7 Bxc2 36. Rxa7 Rb8) 34. Bb2 $18 c5 35. Qc3 {Threatening mate with Qh8+.} d4 36. exd4 Bg7 37. Bc4+ Kf8 38. Qd2 Rb8 39. Rxb8 $2 (39. Rxa7 $18 {and White stays clearly on top.} h6 40. dxc5 Rxb2 41. Qd6+ Qe7 42. Rxd7 Qxd6 43. cxd6) 39... Qxb8 $16 40. Ba3 Qb1+ {[#]} 41. Bf1 $1 Kf7 42. Bxc5 Kg6 {[#]} (42... Bxa4 $16 43. Qa5 Qd1 44. Qxa7+ Kg8 45. Qa8+ Kf7) 43. Qd3 $2 ({Weaker is} 43. Bxa7 Bxa4 44. Qd3 Qxd3 $16) ({White must play} 43. Qe2 $1 $18 {[%cal Re2e7] aiming for Qe7.} Bf6 44. Qc4 (44. Bxa7 Bxa4 45. Bc5 Bc6 $16)) 43... Qxd3 $14 44. Bxd3 {Hoping for a5.} Bxa4 45. Bxa7 Bb3 46. Kf1 Kf6 47. Ke2 {Precision: White = 65%, Black = 46%.} 1/2-1/2

[Event "22nd Hogeschool Zeeland 2018"]
[Site "Vlissingen"]
[Date "2018.08.06"]
[Round "4"]
[White "Hng, Mei-En Emmanuelle"]
[Black "Henrichs, Thomas"]
[Result "0-1"]
[WhiteElo "2024"]
[BlackElo "2486"]
[Annotator "TA"]
[PlyCount "100"]
[EventDate "2018.08.04"]
[EventType "swiss"]
[EventCountry "NED"]
[SourceTitle "playchess.com"]
[Source "ChessBase"]
[SourceQuality "1"]

{[%evp 15,100,-34,-13,-48,-39,-60,-48,-64,-49,-45,-29,-23,-29,-21,-29,-58,-20,-18,-15,-39,-37,-40,-43,-51,-12,-43,-37,-83,-43,-46,-48,-52,-44,-46,-35,-52,-46,-40,-39,-61,-64,-63,-58,-77,-60,-93,-93,-88,-91,-102,-80,-106,-107,-127,-125,-155,-102,-196,-148,-153,-70,-131,-105,-254,-239,-241,-208,-211,-213,-221,-205,-214,-214,-733,-723,-29978,-29979,-29979,-29980,-29980,-29981,-29981,-29982,-29983,-29983,-29983,-29983]} 1. e4 c5 2. d4 cxd4 3. c3 dxc3 4. Nxc3 Nc6 5. Bc4 e6 6. Nf3 a6 7. O-O b5 8. Bb3 Nge7 {LiveBook: 7 Games. B21: Sicilian: 2 f4 and Morra Gambit} (8... Bb7 9. Qe2 Nge7 10. Rd1 Ng6 11. Be3 Na5 12. Rd2 d6 13. Rad1 Rc8 14. Bd4 Nxb3 15. axb3 Qc7 16. Qe3 Ba8 {½-½ (36) Brodda,W (2607)-Lecroq,M (2608) ICCF email 2013}) 9. Qe2 Ng6 10. Be3 Be7 {Black is slightly better.} 11. Nd5 $146 ({Predecessor:} 11. Rfd1 O-O 12. Rac1 Bb7 13. g3 Rc8 14. h4 Nge5 15. Ng5 Qe8 16. f4 {0-1 (59) Poulsen,K (2080)-Genov,P (2435) Hamburg 2018}) 11... exd5 12. exd5 O-O {[#] White must now prevent ...Na5.} 13. dxc6 dxc6 14. Rfd1 Qc7 15. Rac1 c5 16. Bd5 Rb8 17. Bxc5 Bxc5 18. Qc2 {[#]} Bxf2+ $1 19. Qxf2 Qb6 20. Nd4 Bb7 21. Bb3 Rbd8 22. Nf5 Qxf2+ 23. Kxf2 Bc8 24. Rxd8 Rxd8 25. Nd6 Be6 26. Bxe6 Rxd6 $15 {[%mdl 4096] Endgame KRB-KRN} 27. Rc8+ Nf8 28. Bb3 g6 29. Rc7 Nd7 30. a4 bxa4 31. Bxa4 Ne5 32. Bc2 Kg7 33. h3 Rd2+ 34. Kg3 h5 35. h4 Rd4 (35... Ng4 $142 36. Kf3 Kf6) 36. Rc5 (36. Ra7 $17 {is a better defense.}) 36... Ng4 37. Rc3 Rb4 ({Black should try} 37... f5 $17 38. Rb3 a5) 38. Bd1 (38. Rb3 $15 Rd4 39. Ra3) 38... Nh6 $17 39. Be2 (39. Kh3 $17 {keeps fighting.}) 39... Nf5+ $19 ({Don't play} 39... Rxb2 40. Bxa6 Nf5+ 41. Kh3 $17) 40. Kh2 a5 41. b3 a4 42. bxa4 Rxh4+ 43. Rh3 {Rxh4 is the strong threat.} Rxa4 44. Bxh5 $2 (44. Rc3) 44... gxh5 45. Rxh5 {KRN-KR} Kg6 {Black mates.} 46. Rh8 Rh4+ 47. Rxh4 Nxh4 48. Kh3 Kg5 49. Kg3 f6 50. Kh3 Nf5 {Precision: White = 31%, Black = 63%.} 0-1

[Event "22nd Hogeschool Zeeland 2018"]
[Site "Vlissingen"]
[Date "2018.08.06"]
[Round "4"]
[White "Bakels, Anton"]
[Black "De Jong, Migchiel"]
[Result "0-1"]
[WhiteElo "2009"]
[BlackElo "2339"]
[Annotator "TA"]
[PlyCount "116"]
[EventDate "2018.08.04"]
[EventType "swiss"]
[EventCountry "NED"]
[SourceTitle "playchess.com"]
[Source "ChessBase"]
[SourceQuality "1"]

{[%evp 24,116,50,28,41,14,26,12,12,20,30,17,10,13,6,5,8,7,13,8,12,0,20,0,0,-7,-5,-13,-8,-7,-1,-7,-8,-4,-4,-9,-8,-59,-60,-126,-131,-126,-116,-85,0,-39,0,0,0,0,0,0,0,0,0,-18,-18,-18,-18,-726,-725,-693,-691,-677,-629,-626,-563,-442,-437,-302,-150,-159,-53,-53,-44,-29965,-29968,-29967,-29970,-29969,-29960,-6410,-5485,-29970,-29969,-29970,-29972,-29972,-29973,-29975,-29976,-29976,-29975,-29996,-29997]} 1. e4 c5 2. Nf3 e6 3. c3 d5 4. exd5 Qxd5 5. d4 Nf6 6. Na3 Nc6 7. Be3 cxd4 8. Nb5 Qd8 9. Nbxd4 Nxd4 10. Bxd4 Be7 {C10: French with 3 Nc3: Unusual Black 3rd moves and 3...dxe4} 11. Bd3 O-O 12. Qc2 h6 13. O-O {LiveBook: 3 Games} (13. O-O-O Qa5 14. Kb1 Rd8 15. Ne5 Bd7 16. Qe2 Bc6 17. Rhe1 Bd5 18. c4 Bxg2 19. Bc3 Qb6 20. Rg1 Bc6 21. Nxf7 Kxf7 22. Rxg7+ Kxg7 23. Qxe6 Qxf2 24. Qxe7+ Kg8 25. Bh7+ {1-0 (24) So,W (2773)-Akobian,V (2615) Saint Louis 2016 CBM 172 [Roiz,M]}) 13... Qc7 14. Rae1 $146 ({Predecessor:} 14. Rfe1 Rd8 15. Rad1 Bd7 16. c4 Bc6 17. Ne5 Rxd4 18. Bh7+ Nxh7 19. Rxd4 {1-0 (50) Barbier,B-Adriaans,M Hengelo 1995}) 14... Bd7 15. Ne5 Bc5 16. Bxc5 Qxc5 17. Bh7+ Kh8 18. Nxd7 Nxd7 19. Rd1 Nf6 20. Be4 Rab8 21. Bf3 b5 22. Rd3 Rfc8 23. Rfd1 a5 24. R1d2 g6 25. Qd1 Kg7 26. g3 Rb6 27. Rd6 Rxd6 28. Rxd6 b4 29. cxb4 axb4 30. Rd4 (30. Kg2 $11) 30... e5 $15 31. Rd6 (31. Rd2 $1 $15) 31... e4 $17 32. Be2 e3 $1 33. f3 Qe5 34. Rd4 $1 {[#]} Rc1 $1 {[%mdl 512]} 35. Qxc1 Qxd4 36. Kf1 h5 {[%cal Bh6h5,Bh5h4,Bh4h3][%mdl 32]} 37. a4 bxa3 38. bxa3 h4 39. Kg2 Nd5 {Black wants to play ...Nc3.} 40. Qc4 $1 {[%cal Rc4d4]} Qd2 {Hoping for ...Nc3.} 41. Kf1 $2 {[%mdl 8192]} (41. gxh4 $11 Nc3 42. Kf1) 41... h3 $19 {And now ...Nc3 would win.} 42. Qd3 {[#]} Nc3 $1 {Threatens to win with ...Qc1+.} 43. Qxd2 exd2 {[%mdl 4096] Endgame KB-KN} 44. Kf2 {intending Ke3.} d1=Q 45. Bxd1 Nxd1+ {KN-KP} 46. Ke2 Nb2 (46... Nc3+ $19 {is more deadly.} 47. Kd3 Na4) 47. f4 $17 {[#]} Kh6 (47... g5 $1 $17 {...f5 is the strong threat.} 48. Kf3 (48. fxg5 Kg6) 48... Kg6) 48. g4 $1 $15 g5 49. f5 $2 {[%mdl 8192]} (49. Kf3 $15) 49... Kg7 50. Kf3 Kf6 51. Ke4 Ke7 52. Kd5 Nd1 53. Ke4 Kd6 {Black mates.} 54. Kf3 Nc3 55. Ke3 Ke5 56. Kf3 Kd4 57. Kf2 Ke4 58. Kg3 Ke3 {Precision: White = 35%, Black = 67%.} 0-1